Bir Kelime ile Tüm Ülkeler! - Statistics

General Stats
  • This quiz has been taken 926 times
  • The average score is 19 of 196
Answers on the Map
Answers color-coded by a green-red scale on the quiz's map according to % correct below.
 
Answer Stats
Kelime Ülke % Correct
Anime Japonya
64%
Osmanlı Türkiye
55%
BTS Güney Kore
54%
Pizza İtalya
49%
Ronaldo Portekiz
44%
Messi Arjantin
43%
Yahudilik İsrail
39%
Cengiz Moğolistan
38%
Nazi Almanya
37%
Nüfus Çin
36%
Kleopatra Mısır
36%
Mülteci Suriye
35%
Papa Vatikan
35%
Çikolata Belçika
34%
Ege Yunanistan
34%
Kanguru Avustralya
33%
Kürtler Irak
32%
Vodka Rusya
31%
Donald Amerika Birleşik Devletleri
30%
Kraliçe Birleşik Krallık
30%
Viking Norveç
29%
Demokratik Demokratik Kongo Cumhuriyeti
27%
Petrol Suudi Arabistan
27%
Türk Türkmenistan
26%
Soykırım Ermenistan
25%
Kırım Ukrayna
25%
Ekvator Ekvador
24%
Bissau Gine
24%
Everest Nepal
24%
Kafkas Gürcistan
21%
Mersi Fransa
20%
Hazar Azerbaycan
19%
Che Küba
19%
Karnaval Brezilya
18%
Fildişi Fildişi Sahili
18%
Bahreyn Katar
18%
İskender Kuzey Makedonya
18%
Tarafsız İsviçre
17%
Buz İzlanda
17%
Rusya Belarus
16%
Vampir Romanya
16%
Slovakya Slovenya
16%
Çin Tayvan
16%
Katar Bahreyn
15%
Bali Endonezya
15%
Afro-Avrasya Kıbrıs
15%
Kımız Kırgızistan
15%
Kim Kuzey Kore
15%
Kaddafi Libya
15%
Nachos Meksika
15%
Kanal Panama
15%
Uruguay Paraguay
15%
Çekya Slovakya
15%
Mozart Avusturya
14%
Benelüks Lüksemburg
14%
Kosova Sırbistan
14%
Rihanna Barbados
13%
Usain Jamaika
13%
Vatikan San Marino
12%
Bosna Hırvatistan
11%
Sırbistan Kosova
11%
Akdeniz Malta
11%
Fakir Burundi
10%
Baskça İspanya
10%
Esvatini Lesotho
10%
Kaşmir Pakistan
10%
İnkalar Peru
10%
Burundi Ruanda
10%
Leone Sierra Leone
10%
Lesotho Esvatini
9%
Mahal Hindistan
9%
Safari Kenya
9%
Orta Orta Afrika Cumhuriyeti
9%
Lucia Saint Lucia
9%
Uzun Şili
9%
Srebrenica Bosna-Hersek
8%
Sahra Cezayir
8%
Doğu Doğu Timor
8%
Etiyopya Eritre
8%
Eritre Etiyopya
8%
Senegal Gambiya
8%
Gambiya Senegal
8%
Gine Gine-Bissau
7%
Mandela Güney Afrika
7%
İsviçre Lihtenştayn
7%
Bira Çek Cumhuriyeti
6%
Sauna Finlandiya
6%
Soğuk İsveç
6%
Dağ Karadağ
6%
AK-47 Mozambik
6%
Obez Nauru
6%
Szczebrzeszyn Polonya
6%
Korsanlık Somali
6%
Petra Ürdün
6%
Kahve Yemen
6%
Burc Birleşik Arap Emirlikleri
5%
Borat Kazakistan
5%
Cumhuriyeti Kongo Cumhuriyeti
5%
Polonya Litvanya
5%
Nollywood Nijer
5%
Nevis Saint Kitts ve Nevis
5%
Grenadinler Saint Vincent veGrenadinler
5%
Kivi Yeni Zelanda
5%
Erasmus Hollanda
4%
Ruhani İran
4%
Körfez Kuveyt
4%
Salam Macaristan
4%
Lemur Madagaskar
4%
Federal Mikronezya Federal Devletleri
4%
Kumarhane Monako
4%
Amerikan Samoa
4%
Güney Sudan
4%
Kilimanjaro Tanzanya
4%
Kartaca Tunus
4%
Kartal Arnavutluk
3%
Yeni Güney Sudan
3%
Angkor Kamboçya
3%
Sierra Liberya
3%
Diller Papua Yeni Gine
3%
Siam Tayland
3%
Nauru Tuvalu
3%
Vanga Bulgaristan
2%
İnternet Estonya
2%
Mayalar Guatemala
2%
Kibar Kanada
2%
Mansa Mali
2%
Algoritma Özbekistan
2%
Havaalanı Singapur
2%
Pilav Vietnam
2%
İlk Afganistan
1%
Pireneler Andorra
1%
Dahomey Benin
1%
Lama Bolivya
1%
Barış Brunei
1%
Ceuta Fas
1%
Pasifik Fiji
1%
Tabut Gana
1%
Hispanyola Haiti
1%
Leprikon İrlanda
1%
Arap-Fransız Komorlar
1%
Güneydoğu Laos
1%
Patates Letonya
1%
Din Lübnan
1%
Deniz Maldivler
1%
Petronas Malezya
1%
Dragostea Moldova
1%
Kölelik Moritanya
1%
Fil Myanmar
1%
Çöl Namibya
1%
Siyah Nijerya
1%
Denizanası Palau
1%
Bilinmeyen São Tomé ve Príncipe
1%
Cennet Seyşeller
1%
Felemenkçe Surinam
1%
Sultanlık Umman
1%
FIFA Uruguay
1%
Diktatör Venezuela
1%
Takımada Yeşil Burun Adaları
1%
Viktorya Zambiya
1%
Sonuncu Zimbabve
1%
Kabinda Angola
0%
Yelkencilik Antigua ve Barbuda
0%
Sahil Bahamalar
0%
Nehir Bangladeş
0%
Dalış Belize
0%
Mutluluk Bhutan
0%
Yakko Botsvana
0%
Volta Burkina Faso
0%
Göl Çad
0%
Lemonnier Cibuti
0%
Margrethe Danimarka
0%
Antiller Dominika
0%
Kolomb Dominik Cumhuriyeti
0%
Principe Ekvator Ginesi
0%
Volkan El Salvador
0%
Luzon Filipinler
0%
Vahşi Gabon
0%
Kakao Grenada
0%
Şeker Guyana
0%
Tekstil Honduras
0%
Karides Kamerun
0%
Tarava Kiribati
0%
Gran Kolombiya
0%
Muz Kosta Rika
0%
Nyasa Malawi
0%
Süngerbob Marshall Adaları
0%
Kıyı Mauritius
0%
Sivrisinek Nikaragua
0%
Lagünler Solomon Adaları
0%
Tarçın Sri Lanka
0%
Pamir Tacikistan
0%
Ewe Togo
0%
Pazar Tonga
0%
Tava Trinidad ve Tobago
0%
Rwenzori Uganda
0%
Felaket Vanuatu
0%
No matching quizzes found
Score Distribution
Percent of People with Each Score
Percentile by Number Answered
Your Score History
You have not taken this quiz